Zdokonaľovanie komunikačného toku
Zložky celopodnikového komunikačného systému. Kritériá zdokonalenia komunikačného toku v podniku. Objektívne a subjektívne komunikačné bariéry.
Guardado en:
| Autor principal: | |
|---|---|
| Otros Autores: | , , |
| Formato: | Capítulo de libro |
| Lenguaje: | eslovaco |
| Materias: | |
| Etiquetas: |
Sin Etiquetas, Sea el primero en etiquetar este registro!
|
MARC
| LEADER | 00000nla a2200000 4500 | ||
|---|---|---|---|
| 001 | 0238193 | ||
| 005 | 20240502073843.0 | ||
| 041 | 0 | |a slo | |
| 044 | |a SK | ||
| 245 | 1 | 0 | |a Zdokonaľovanie komunikačného toku |c Jaroslav Dugas, Zuzana Rudášová, Jan Hana, Tomáš Pala |
| 520 | |a Zložky celopodnikového komunikačného systému. Kritériá zdokonalenia komunikačného toku v podniku. Objektívne a subjektívne komunikačné bariéry. | ||
| 610 | 2 | 0 | |a podnik |
| 610 | 2 | 0 | |a manažment |
| 610 | 2 | 0 | |a zamestnanci |
| 610 | 2 | 0 | |a komunikácia |
| 610 | 2 | 0 | |a informácie |
| 610 | 2 | 0 | |a kultúra podniková |
| 100 | 1 | |a Dugas, Jaroslav, 1967- | |
| 700 | 1 | |a Rudášová, Zuzana | |
| 700 | 1 | |a Hana, Jan | |
| 700 | 1 | |a Pala, Tomáš | |